Traité comparatif des monnaises, poids et mesures, changes, banques et fonds publics entre la France, l'Espagne et l'Angleterre / (Record no. 22662)

MARC details
000 -LEADER
campo de control de longitud fija 00516nam a2200157 i 4500
001 - NÚMERO DE CONTROL
campo de control 22662
003 - IDENTIFICADOR DE NÚMERO DE CONTROL
campo de control ES-MaACL
005 - FECHA Y HORA DE LA ÚLTIMA TRANSACCIÓN
campo de control 20230906152733.0
007 - CAMPO FIJO DE DESCRIPCIÓN FÍSICA--INFORMACIÓN GENERAL
campo de control de longitud fija t|
008 - DATOS DE LONGITUD FIJA--INFORMACIÓN GENERAL
campo de control de longitud fija 021204s1832 fr ||||1| fre d
100 1# - ENTRADA PRINCIPAL--NOMBRE DE PERSONA
Nombre de persona Altes, Françoise.
9 (RLIN) 20532
245 10 - MENCIÓN DEL TÍTULO
Título Traité comparatif des monnaises, poids et mesures, changes, banques et fonds publics entre la France, l'Espagne et l'Angleterre /
Mención de responsabilidad, etc. Françoise Altes.
260 ## - PUBLICACIÓN, DISTRIBUCIÓN, ETC.
Lugar de publicación, distribución, etc. Marseille :
Nombre del editor, distribuidor, etc. J. Barile,
Fecha de publicación, distribución, etc. 1832.
300 ## - DESCRIPCIÓN FÍSICA
Extensión 360 p. ;
Dimensiones 21 cm.
852 ## - LOCALIZACIÓN
Ubicación ES-MaACL
Número de control de estantería C-3373
Holdings
Estatus retirado Estado de pérdida Estado de daño No para préstamo Colección Biblioteca de origen Biblioteca actual Ubicación en estantería Fecha de adquisición Fuente de adquisición Total de préstamos Signatura topográfica completa Código de barras Visto por última vez Precio de reemplazo Tipo de ítem Koha
        Libros del s. XIX Biblioteca del Ateneo de Madrid Biblioteca del Ateneo de Madrid Sala Palomar 17/01/2008     C-3373 1023333 23/02/2023 23/02/2023 Libro impreso antiguo